MARC

LEADER 00000nam0a2200000 4500
001 220365
005 20231101230329.0
035 |a (RuTPU)RU\TPU\book\240487 
090 |a 220365 
100 |a 20120822d1899 m y0rusy50 ca 
101 0 |a rus 
102 |a RU 
105 |a a j 001zy 
200 1 |a Курс физики  |h Т. 3: Учение о теплоте  |f О. Д. Хвольсон 
210 |a Санкт-Петербург  |c Издание К. Л. Риккера  |d 1899 
215 |a 677 с.  |c ил. 
300 |a Титпография М. Стасюкевича 
316 |5 63413507: 11//54, инв. № 25  |a Владельческий переплет 
320 |a Библиогр. в конце гл. 
610 1 |a физика 
610 1 |a теплота 
610 1 |a температура 
610 1 |a термометрия 
610 1 |a теплоемкость 
610 1 |a тепловая энергия 
610 1 |a термохимические реакции 
610 1 |a охлаждение 
610 1 |a теплопроводность 
610 1 |a термодинамика 
610 1 |a состояние вещества 
610 1 |a гигрометрия 
610 1 |a насыщенные пары 
610 1 |a правило фаз 
610 1 |a растворы 
610 1 |a учебники 
610 1 |a коллекция русских учебников 
675 |a 536.1(075.8)  |v 3 
700 1 |a Хвольсон  |b О. Д.  |c российский физик  |c член-корреспондент Петербургской АН  |f 1852-1934  |g Орест Данилович  |2 stltpush  |3 (RuTPU)RU\TPU\pers\9668  |9 1936 
801 1 |a RU  |b 63413507  |c 20120822 
801 2 |a RU  |b 63413507  |c 20190506  |g RCR 
942 |c BK